000 05879namaa22004571i 4500
003 EG-GICUC
005 20260419133655.0
008 260419s2025 ua a|||frm||| 000 0 eng d
040 _aEG-GICUC
_beng
_cEG-GICUC
_dEG-GICUC
_erda
041 0 _aeng
_beng
_bara
049 _aDeposit
082 0 4 _a‪621.366
092 _a‪621.366
_221
097 _aPh.D
099 _aCai01.24.03.Ph.D.2025.Ra.L
100 0 _aRabab Mohamed Abdel Hakim Sorour,
_epreparation.
245 1 0 _aLaser assisted ALU-qPCR to evaluate the association between cell-free dna in human follicular fluid with oocyte and embryo quality in assisted reproductive techniques /
_cby Rabab Mohamed Abdel Hakim Sorour ; Supervision Prof. Mohamed Amr Hussien El-Noury, Prof. Osama Fekry Ahmed Al-Balah, Prof. Tamer Fouad Taha, Dr. Sondos Mohamed Mohamed Salem.
246 1 5 _aتفاعل البلمرة المتسلسل بمساعة الليزر لتقييم العلاقة بين الحمض النووي الحر في السائل حول البويضة بجودة البويضة والجنين أثناء استخدام التقنيات المساعدة علي الإنجاب
264 0 _c2025.
300 _a111 pages :
_billustrations ;
_c25 cm. +
_eCD.
336 _atext
_2rda content
337 _aUnmediated
_2rdamedia
338 _avolume
_2rdacarrier
502 _aThesis (Ph.D)-Cairo University, 2025.
504 _aBibliography: pages 108-111.
520 3 _aBackground: Cell-free DNA (cfDNA) has the potential to provide non- invasive diagnostic assays and practical biomarkers for predicting the outcome of assisted reproductive technology (ART) procedures. Aim of the study: To investigate the association between cf-DNA concentration in individual follicular fluid and oocyte maturity and embryo quality in patients undergoing Intra Cytoplasmic Sperm injection (ICSI). Patients and met hods: This prospective observational clinical study was done at Ain Shams University, A maternity hospital (IVF Unit), and a private ICSI center from May 2019 to June 2020. Our study used the ALU- QPCR technique to accurately measure the cell-free DNA (cfDNA) level in 35 follicular fluid samples from 15 patients undergoing ICSI. Results: Our results displayed the range of cfDNA from 0.24 to 3.89 (ng/ ml), with a mean of 2.06 ± 0.73. The DNA integrity (Q247/Q115) ranged from 0.09 to 0.79, with a mean of 0.44 ± 0.18. Our findings reveal a statistically significant association between the levels of cell-free DNA and patient oocytes to yield an Embryo, top grade Embryos, Fragmentation rate of the embryo, and number of blastomeres (P-values; p=0.037, p<0.001, p<0.001, and p=0.019, respectively ). A statistically negative correlation between cfDNA (ng/ml) and follicle size in mm (p-value < 0.05). However, no significant correlation was observed for the other parameters (basic hormonal profile, AFC number of oocytes, and the number of fertilized oocytes), with a p-value > 0.05. The study found that the levels of cfDNA and 17 -estradiol had a non-significant negative correlation (p-value > 0.05). Our study found that the level of cfDNA in follicular fluid is strongly associated with the quality of embryos on Day 3. Conclusion: High levels of cfDNA in follicular fluid may indicate poor follicular milieu. Measuring cfDNA can evaluate oocyte and embryo competence. It can be a non-invasive test to assess embryo quality along with morphological criteria.
520 3 _a عرضت نتائجنا نطاق cfDNA من 0.24 إلى 3.89 (نانوغرام/ مل)، بمتوسط 2.06 ± 0.73. تراوحت سلامة الحمض النووي (Q247/Q115) من 0.09 إلى 0.79، بمتوسط 0.44 ± 0.18. تكشف النتائج التي توصلنا إليها عن وجود علاقة ذات دلالة إحصائية بين مستويات الحمض النووي الحر خارج الخلايا (cfDNA) مع بويضات المريضات التى أجنة والأجنة من الدرجة الأولى ومعدل التجزئة الجنين وعدد القسيمات المنقسمة (القيم P؛ p=0.037، p<0.001، ع <0.001، و ع = 0.019، على التوالي). هناك علاقة سلبية إحصائيا بين الحمض النووي الحر خارج الخلايا (cfDNA) (نانوغرام / مل) وحجم الحويصلات بالملليمتر (القيمة p <0.05). ومع ذلك، لم يلاحظ أي ارتباط كبير بالنسبة للمعايير الأخرى (الملف الهرموني الأساسي، وعدد البويضات AFC، وعدد البويضات المخصبة)، مع قيمة p > 0.05. وجدت الدراسة أن مستويات cfDNA و17-استراديول كان لها علاقة سلبية غير هامة (قيمة p > 0.05). وجدت دراستنا أن مستوى cfDNA في السائل الجريبي يرتبط بقوة بجودة الأجنة في اليوم الثالث.
530 _aIssues also as CD.
546 _aText in English and abstract in Arabic & English.
650 0 _a‪Lasers
650 0 _aالليزر
653 1 _aCell-free DNA
_aOocyte’s
_aEmbryo
_aBlastomeres
_aالحمض النووي الحر خارج الخلايا (cfDNA) جنين
_aالبويضات
700 0 _aMohamed Amr Hussien El-Noury
_ethesis advisor.
700 0 _aOsama Fekry Ahmed Al-Balah
_ethesis advisor.
700 0 _aTamer Fouad Taha
_ethesis advisor.
700 0 _aSondos Mohamed Mohamed Salem
_ethesis advisor.
900 _b01-01-2025
_cMohamed Amr Hussien El-Noury
_cOsama Fekry Ahmed Al-Balah
_cTamer Fouad Taha
_cSondos Mohamed Mohamed Salem
_UCairo University
_FNational Institution of Laser Enhanced Sciences
_DDepartment of Medical applications of laser Specialty ; laser applications in Gynecology
905 _aShimaa
942 _2ddc
_cTH
_e21
_n0
999 _c179579